书目信息 |
| 题名: |
婚姻与家庭
|
|
| 作者: | 蒋月 编著 | |
| 分册: | ||
| 出版信息: | 厦门 厦门大学出版社 1998.11 |
|
| 页数: | 279页 | |
| 开本: | 32开 | |
| 丛书名: | ||
| 单 册: | ||
| 中图分类: | D923.95 | |
| 科图分类: | ||
| 主题词: | 法律--中国 | |
| 电子资源: | ||
| ISBN: | 7-5615-1402-6 | |
| 000 | 00537nam0 2200193 45 | |
| 001 | 0105100829 | |
| 005 | 20010510085600.1 | |
| 010 | @a7-5615-1402-6@d14.80元 | |
| 100 | @a20010510d1998 km y0chiy0120 ea | |
| 101 | 0 | @achi |
| 105 | @a z 000yy | |
| 200 | 1 | @a婚姻与家庭@AHun Yin Yu Jia Ting@f蒋月编著@FJiang Yue Bian Zhu |
| 210 | @a厦门@c厦门大学出版社@d1998.11 | |
| 215 | @a279页@d32开 | |
| 606 | 0 | @a法律@x中国 |
| 690 | @aD923.95@v3 | |
| 701 | 0 | @a蒋月@4编著 |
| 801 | @aCN@bPftUser@c20010510 | |
| 905 | @b341803-805@dD923.95@eJ.825@f3 | |
| 婚姻与家庭/蒋月编著.-厦门:厦门大学出版社,1998.11 |
| 279页;32开 |
| ISBN 7-5615-1402-6:14.80元 |
| ● |
| 相关链接 |
|
|
|
正题名:婚姻与家庭
索取号:D923.95/J.825
 
预约/预借
| 序号 | 登录号 | 条形码 | 馆藏地/架位号 | 状态 | 备注 |
| 1 | 341803 | 203418033 | 社科库509/509社科库 95排2列4层/ [索取号:D923.95/J.825] | 在馆 | |
| 2 | 341804 | 203418042 | 社科库509/509社科库 95排2列4层/ [索取号:D923.95/J.825] | 在馆 | |
| 3 | 341805 | 203418051 | 社科库509/509社科库 95排2列4层/ [索取号:D923.95/J.825] | 在馆 |